000 00453nam a2200145Ia 4500
041 _aKurdish
082 _a341.778 cut-35 و
100 _a20260118u\\\\\\\\\\\y0engy0103\\\\ba
100 _aمیدک ئیست وۆەچ
245 0 _aجینۆساید لە عێراقدا پەلامارى ئەنفال بۆسەرکورد
250 _aچ1
260 _bچاپخانەیى تیشک
_aسلیمانى - العراق
_c2004
300 _a459
942 _cBk
999 _c190451
_d190451